Loading...
| Fine Arts - Classical Music | 2 | 5.00 | 50% | 0% | 0% |
| Fine Arts - Other | 1 | 10.00 | 100% | 0% | 0% |
| Fine Arts - Visual | 3 | 10.00 | 67% | 33% | 0% |
| Geography/Current Events | 1 | 10.00 | 100% | 0% | 0% |
| History - European | 3 | 13.33 | 67% | 33% | 33% |
| History - Other | 1 | 20.00 | 100% | 100% | 0% |
| History - World | 2 | 15.00 | 50% | 50% | 50% |
| Literature - British | 2 | 10.00 | 100% | 0% | 0% |
| Literature - European | 3 | 10.00 | 67% | 33% | 0% |
| Literature - World/Other | 3 | 16.67 | 100% | 33% | 33% |
| Mythology | 3 | 20.00 | 100% | 67% | 33% |
| Other Academic | 1 | 20.00 | 100% | 100% | 0% |
| Pop Culture | 1 | 20.00 | 100% | 100% | 0% |
| Religion | 4 | 5.00 | 50% | 0% | 0% |
| Science - Biology | 1 | 10.00 | 100% | 0% | 0% |
| Science - Chemistry | 3 | 13.33 | 100% | 33% | 0% |
| Science - Physics | 4 | 10.00 | 100% | 0% | 0% |
| Social Science | 3 | 10.00 | 100% | 0% | 0% |
| World/Other Literature> | 1 | 10.00 | 100% | 0% | 0% |